000 00950nam a2200289 a 4500
001 000042311
003 DO-SdBNP
005 20260220101826.0
008 100212s1994 dr 000 0 spa d
020 _a9993494070
040 _aDO-SdBNP
_bspa
_cBNPHU
082 _a170
_bG731a
100 1 _aGracián, Baltasar,
_d1601-1658
_926972
245 1 3 _aEl arte de la prudencia /
_cBaltasar Gracian ; ediciones José Ignacio Diez Fernández.
250 _a5a ed.
260 _bediciones José Ignacio Diez Fernández,
_c1994.
300 _a184 p. ;
_c18 cm.
490 1 _aTemas de hoy
500 _aIncluye notas al pie de las páginas.
650 4 _aPrudencia
_926973
650 4 _aÉtica
_xCitas, máximas, etc.
_926974
650 7 _aConducta de vida
_xCitas, máximas, etc.
_2LIBRUNAM
_911947
650 4 _aAforismos y apotegma
_926976
700 1 2 _aDiez Fernández, José Ignacio
_969365
830 0 _aTemas de hoy
_97282
942 _2ddc
_cLBS1
999 _c41800
_d41800